|
|
|
|
| LEADER |
00950nam a2200253 a 4500 |
| 001 |
GR-Patra15686 |
| 008 |
030721s1999 gr g 000 0 eng d |
| 020 |
|
|
|a 0827383541
|
| 040 |
|
|
|a GrPaTEI
|b gre
|c GR-PaULI
|
| 040 |
|
|
|a GrPaTEI
|b gre
|c GR-PaULI
|
| 082 |
|
0 |
|a 629.2872
|2 21
|
| 100 |
1 |
|
|a Schwaller, Anthony E.
|
| 245 |
1 |
0 |
|a Motor automotive technology /
|c Anthony E. Schwaller.
|
| 250 |
|
|
|a 3rd ed.
|
| 260 |
|
|
|a Albany :
|b Delmar Publishers,
|c c1999
|
| 300 |
|
|
|a xv, 1056σ.
|
| 500 |
|
|
|a Περιλαμβάνει ευρετήριο.
|
| 650 |
|
0 |
|a Automobiles
|x Design and construction
|
| 650 |
|
0 |
|a Automobiles
|x Maintenance and repair
|
| 710 |
0 |
|
|a Delmar Publishers
|
| 942 |
|
|
|2 ddc
|
| 952 |
|
|
|0 0
|1 0
|2 ddc
|4 0
|6 629_287200000000000_SCH
|7 0
|9 295002
|a LISK
|b LISK
|c BSC
|d 2021-01-17
|e 24
|f 0
|g 0.00
|l 0
|o 629.2872 SCH
|p 92410018488
|r 2021-01-17 00:00:00
|t 1
|w 2021-01-17
|y BK15
|x 20030721 0 1
|x GrPaTEI
|
| 971 |
|
|
|a .b26632019
|b 15-04-20
|c 23-09-16
|
| 999 |
|
|
|c 172112
|d 172112
|